Films de Michael Mann - Statistiques

Statistiques générales
  • Ce quiz a été pris 39 fois
  • Le résultat moyen est 7 sur 13
Statistiques - réponses
Hint Réponse % Correct
1995 Heat
100%
2004 Collatéral
82%
1992 Le dernier des Mohicans
76%
2006 Miami vice : deux flics à Miami
74%
2015 Hacker
62%
1981 Le solitaire
62%
1999 Révélations
56%
1986 Le sixième sens
53%
2009 Public enemies
47%
2001 Ali
41%
1983 La forteresse noire
41%
1989 L.A takedown
32%
1979 Comme un homme libre
18%
Aucun quiz correspondant
Distribution des résultats
% des personnes avec chaque résultat
Percentile par nombre de réponses
Votre historique - résultats
Vous n’avez pas pris ce quiz